|
|
|
|
| LEADER |
01530nam a22002893a 4500 |
| 001 |
7379 |
| 003 |
BD-DhAAL |
| 005 |
20150820120405.0 |
| 008 |
151820s2004 caua b 001 0 eng d |
| 010 |
|
|
|a 2004297253
|
| 020 |
|
|
|a 0787964719
|
| 040 |
|
|
|a STJ
|c STJ
|d VCB
|d DLC
|d BD-DhAAL
|
| 050 |
0 |
0 |
|a MLCM 2006/10654
|
| 082 |
|
|
|a 379
|
| 100 |
1 |
|
|a Ginsberg, Margery B.,
|d 1954-
|9 13993
|
| 245 |
1 |
0 |
|a Motivation matters :
|b a workbook for school change /
|c Margery B. Ginsberg with Pablo Fiene.
|
| 260 |
|
|
|a San Francisco, Calif. :
|b Jossey-Bass,
|c c2004.
|
| 300 |
|
|
|a 163 p. :
|b ill. ;
|c 28 cm.
|
| 504 |
|
|
|a Includes bibliographical references and index.
|
| 520 |
|
|
|a Provides concrete approaches to facilitate school renewal based on principles of intrinsic motivation--among students and educators. It describes strategies that award-winning high-poverty public schools have used to become not only more inclusive but more relevant and challenging to students of diverse student groups. In these schools academic achievement has increased; disproportional rates of achievement among diverse student groups is being reduced; and incidents of school violence have sharply declined.
|
| 541 |
|
|
|e 7379
|
| 650 |
|
0 |
|a Educational change.
|9 13994
|
| 650 |
|
0 |
|a Motivation in education.
|9 13995
|
| 700 |
1 |
|
|a Fiene, Pablo.
|9 13996
|
| 942 |
|
|
|2 ddc
|c BK
|
| 999 |
|
|
|c 35299
|d 35299
|
| 952 |
|
|
|0 0
|1 0
|2 ddc
|4 0
|6 379_000000000000000_GIN
|7 0
|9 55474
|a SCL
|b SCL
|c GEN
|d 2015-08-20
|e Gift: The Asia Foundation
|l 0
|o 379 GIN
|p 3020007379
|r 2015-08-20
|t 1
|w 2015-08-20
|y BK
|